000 00371nam a2200169Ia 4500
003 STCL
008 181203s9999 xx 000 0 und d
020 _a9780140309683
040 _aSTCL
_bEN
_cSTCL
082 _222
100 _aMacGibbon, Jean
245 0 _aHal
260 _bPuffin Books
_aMiddlesex
_c1974
300 _a221
546 _aEnglish
942 _2ddc
_cBK
999 _c84129
_d84129